Ready or Not (2019): Characters by Picture - Statistics

General Stats
  • This quiz has been taken 8 times
  • The average score is 7 of 15
Answer Stats
Picture Answer % Correct
Daniel
86%
Grace
86%
Alex
71%
Mr. Le Bail
71%
Fitch
57%
Becky
43%
Georgie
43%
Helene
43%
Stevens
43%
Charity
29%
Dora
29%
Emilie
29%
Tony
29%
Clara
14%
Tina
14%
No matching quizzes found
Score Distribution
Percent of People with Each Score
Percentile by Number Answered
Your Score History
You have not taken this quiz